| 000 | 02491nam a22003377a 4500 | ||
|---|---|---|---|
| 999 |
_c22042 _d22042 |
||
| 003 | AR-CdUCM | ||
| 008 | 190515b ||||| |||| 00| 0 spa d | ||
| 040 |
_aMUNICIPALIDAD PROVINCIAL DEL CUSCO _cBIBLIOTECA MUNICIPAL DEL CUSCO |
||
| 082 | _aCroniUrbana/N°11/2006 | ||
| 110 |
_aCentro de Educación y Comunicación Guamán Poma de Ayala _947233 |
||
| 245 |
_aCrónicas Urbanas : _banálisis y perspectivas urbano regionales / |
||
| 260 |
_aCusco : _bCentro Guamán Poma de Ayala, _c2006. |
||
| 300 |
_a132 páginas. : _bilustraciones ; _c30 cm. |
||
| 440 |
_aRevista Crónicas Urbanas. _nAñño X, N°11, 2006 _947243 |
||
| 505 | _aContenido: Etnicidad y política, los puentes entre lo ideal y lo real. Gonzalo Portocarrero. -- Militares, eticidad y campesinado en el Perú agenda para una investigación. Cecilia Méndez. -- Exclusión y revancha lógicas autoritarias versus cultura democrática en el Perú. Karina Pacheco Medrano. -- Universalistas y particularistas dos maneras de entender la política. Antonio Pérez Valerga. -- ¿Quiénes somos? multiculturalismo y relaciones interétnicas en América Latina. Luis Esteban Gonzáles Manrique. -- Entrevista a Nelson Manrique no hay democracia con racismo. Luis Nieto Degregori. -- Conclusiones críticas sobre la identidad Cultural. Pedro Gómez García. -- Ley de bases de Municipalidades reconocimiento de nuestra diversidad y desarrollo de autonomía local. Hildebrando Castro Pozo Díaz. -- La resurrección del Inca, el papel de las representaciones indígenas en la invención de la nación peruana. Antoinette Molinié. -- La nación en venta bricheros turismo y mercado en el Perú contemporáneo. Víctor Vich. -- ¿Comentarios reales o inventados? los profesores cusqueños tienen la palabra. Carlos Miguel Salazar Zagazeta. -- Clorinda Matto de Turner infatigable obrera del pensamiento. Rocío Ferreira. -- Kukuli. Gabriela Martínez. | ||
| 650 |
_aHistoria Urbana _913611 |
||
| 650 |
_aDesarrollo Urbano _914520 |
||
| 650 |
_aPolítica _9291 |
||
| 650 |
_aHistoria del Cusco _91714 |
||
| 650 |
_aDesarrollo económico _91696 |
||
| 650 |
_aPolítica indígena _947238 |
||
| 700 |
_aVich, Víctor _947244 |
||
| 700 |
_aPortocarrero, Gonzalo _92259 |
||
| 700 |
_aMéndez, Cecilia _947245 |
||
| 700 |
_aPérez Valerga, Antonio _947246 |
||
| 700 |
_aNieto Degregori, Luis _96534 |
||
| 700 |
_aGómez García, Pedro _947247 |
||
| 710 |
_aCentro Guamán Poma de Ayala _920511 |
||
| 942 |
_2ddc _cPP |
||
| 945 | _avhl | ||